000 00422nam a22001571a 4500
020 _a9788122005233
082 _a398.095 4
_bCHA/S
100 _aChanda S N
245 _aSaints in Indian folklore:
_btales of saints known in various parts of India/
_cby Chanda S N
260 _aDelhi:
_bKonark,
_c1998.
300 _a168p.
650 _aFolklore India
650 _aFolklore
650 _aSocial Sciences
942 _cBK
999 _c39370
_d39370